00430pam a2200157 a 4500020002400000040002300024041001000047082001600057100001900073245007800092250001700170260004500187300001400232365001100246653001500257 c435.00 (Hard Cover) aDental College Lib aengh a611.01bMEL aMelfi, Rudy C. aPermar`s Oral Embryology and Microscopic Anatomy / c.hTextual Documents a8th ed / b. aPhiladelphia : blea & Febiger , c1988. a362 ; c. a435.00 aEmbryology